000 00760nam a2200217Ia 4500
003 GCL
008 140319s9999 xx 000 0 ara d
040 _aGCL /
_cGCL
082 0 4 _a839.7
_bس م
100 1 _aسترندبرج، اوجست
245 1 0 _aمن الاعمال المختارة الاب لانستى جوليا (هديه من الآديب عبدالفتاح الجمل) /
_cسترندبرج، اوجست
700 1 _aمحمد توفيق مصطفى
300 _a240
490 _aمن المسرح العالمى
_v0
650 0 4 _aالادب
650 0 4 _aالائتمان
650 0 4 _aالادب السويدى
650 0 4 _aالمسرحيات السويدية
650 0 4 _aالادب السويدى المترجم
942 _2ddc
_cBK
999 _c40577
_d40577